00520nam a22001457a 4500020000800000040001600008082001300024100002800037245010300065260004100168300003800209942001300247999001900260952009500279 qPB. cFIZZA ISHAQ a158bCOV a Covey, Stephen R.9346 aThe 7 habits of highly effective people: Powerful lessons in personal change/ cStephen R. Covey. a London :b Simon & Schuster,c1989. a358 P. ;c5.5 x 0.9 x 8.44 inches 2ddccFIC c616787d616787 00102ddc4070aNQCbNQCcFICd2026-04-02l0o158 COVpQD-502r2026-04-02w2026-04-02yBK